[Event "DVM U16 2016"]
[Site "Neumarkt in der Oberpfalz GER"]
[Date "2016.12.29"]
[Round "5"]
[White "Oberhofer, Cédric"]
[Black "Sieber, Fiona"]
[Result "1-0"]
[Termination "normal"]
[Board "1.1"]
[BlackTitle "WFM"]
[WhiteElo "2226"]
[BlackElo "2169"]
[WhiteClock "00:05:23"]
[BlackClock "00:24:52"]
[WhiteTeam "SC Bavaria Regensburg"]
[BlackTeam "SG Aufbau Elbe Magdeburg"]
[PlyCount "79"]
[WhiteFideId "12941220"]
[BlackFideId "12902373"]
[EventCountry "GER"]
[EventRounds "7"]
[EventType "team-swiss"]
[EventDate "2016.12.26"]

1. e4 {[%clk 1:30:59]} e5 {[%clk 1:30:55]} 2. Nf3 {[%clk 1:31:25]} Nc6 {[%clk
1:31:21]} 3. Bb5 {[%clk 1:31:51]} a6 {[%clk 1:31:47]} 4. Ba4 {[%clk 1:32:17]}
Nf6 {[%clk 1:32:13]} 5. O-O {[%clk 1:32:43]} Be7 {[%clk 1:32:39]} 6. Re1 {[%clk
1:33:01]} b5 {[%clk 1:33:03]} 7. Bb3 {[%clk 1:33:27]} d6 {[%clk 1:33:29]} 8. c3
{[%clk 1:33:52]} O-O {[%clk 1:33:54]} 9. h3 {[%clk 1:34:11]} Nb8 {[%clk
1:34:19]} 10. d4 {[%clk 1:34:03]} Nbd7 {[%clk 1:34:43]} 11. Nbd2 {[%clk
1:33:50]} Bb7 {[%clk 1:35:06]} 12. Bc2 {[%clk 1:33:57]} Re8 {[%clk 1:35:22]}
13. a4 {[%clk 1:28:27]} Bf8 {[%clk 1:35:07]} 14. b4 {[%clk 1:24:37]} Nb6 {[%clk
1:30:00]} 15. a5 {[%clk 1:18:03]} Nbd7 {[%clk 1:30:00]} 16. d5 {[%clk 1:15:30]}
c6 {[%clk 1:21:14]} 17. dxc6 {[%clk 1:08:50]} Bxc6 {[%clk 1:21:42]} 18. Nf1
{[%clk 1:06:59]} Qc7 {[%clk 1:18:29]} 19. Ng3 {[%clk 1:00:19]} g6 {[%clk
1:14:21]} 20. Bb3 {[%clk 0:57:23]} Qb7 {[%clk 1:12:10]} 21. Ra2 {[%clk
0:46:19]} Rad8 {[%clk 0:58:55]} 22. Rd2 {[%clk 0:43:52]} h6 {[%clk 0:54:49]}
23. Qc2 {[%clk 0:40:46]} d5 {[%clk 0:53:24]} 24. Qa2 {[%clk 0:33:22]} dxe4
{[%clk 0:43:14]} 25. Bxf7+ {[%clk 0:32:01]} Kg7 {[%clk 0:36:47]} 26. Nh4 {[%clk
0:23:33]} Re7 {[%clk 0:34:54]} 27. Bxg6 {[%clk 0:23:22]} Kh8 {[%clk 0:33:08]}
28. Nhf5 {[%clk 0:20:07]} Bd5 {[%clk 0:31:07]} 29. Qc2 {[%clk 0:16:23]} Re6
{[%clk 0:31:06]} 30. Bf7 {[%clk 0:15:19]} Qc6 {[%clk 0:28:04]} 31. Ne3 {[%clk
0:09:43]} Rd6 {[%clk 0:26:41]} 32. Nxd5 {[%clk 0:10:07]} Nxd5 {[%clk 0:26:09]}
33. Nxe4 {[%clk 0:10:24]} Nf4 {[%clk 0:26:18]} 34. Rxd6 {[%clk 0:10:37]} Bxd6
{[%clk 0:26:40]} 35. Bxf4 {[%clk 0:10:48]} exf4 {[%clk 0:26:57]} 36. Nxd6
{[%clk 0:09:32]} Qxd6 {[%clk 0:27:24]} 37. Re6 {[%clk 0:07:42]} Qf8 {[%clk
0:27:33]} 38. Bh5 {[%clk 0:06:13]} Nf6 {[%clk 0:26:05]} 39. Qg6 {[%clk
0:04:59]} Nxh5 {[%clk 0:24:52]} 40. Qxh5 {[%clk 0:05:23]} 1-0

[Event "DVM U16 2016"]
[Site "Neumarkt in der Oberpfalz GER"]
[Date "2016.12.29"]
[Round "5"]
[White "Biastoch, Bennet"]
[Black "Dechant, Georg"]
[Result "1/2-1/2"]
[Termination "normal"]
[Board "1.2"]
[WhiteElo "2115"]
[BlackElo "2005"]
[WhiteClock "00:22:26"]
[BlackClock "00:19:50"]
[WhiteTeam "SG Aufbau Elbe Magdeburg"]
[BlackTeam "SC Bavaria Regensburg"]
[PlyCount "152"]
[WhiteFideId "12939889"]
[BlackFideId "12956716"]
[EventCountry "GER"]
[EventRounds "7"]
[EventType "team-swiss"]
[EventDate "2016.12.26"]

1. e4 {[%clk 1:30:58]} c5 {[%clk 1:30:55]} 2. Nf3 {[%clk 1:31:22]} Nc6 {[%clk
1:31:20]} 3. d4 {[%clk 1:31:31]} cxd4 {[%clk 1:31:45]} 4. Nxd4 {[%clk 1:31:54]}
Qc7 {[%clk 1:32:11]} 5. Nc3 {[%clk 1:31:33]} e6 {[%clk 1:32:35]} 6. Be3 {[%clk
1:31:04]} Nf6 {[%clk 1:32:55]} 7. f4 {[%clk 1:29:56]} Nxd4 {[%clk 1:24:55]} 8.
Qxd4 {[%clk 1:28:53]} a6 {[%clk 1:24:45]} 9. Be2 {[%clk 1:26:45]} d6 {[%clk
1:22:32]} 10. O-O {[%clk 1:24:33]} Be7 {[%clk 1:20:59]} 11. Qd2 {[%clk
1:12:57]} b5 {[%clk 1:18:40]} 12. Bf3 {[%clk 1:10:33]} Bb7 {[%clk 1:18:50]} 13.
a3 {[%clk 1:10:52]} O-O {[%clk 1:11:44]} 14. Rad1 {[%clk 1:09:53]} Rac8 {[%clk
1:02:41]} 15. Qf2 {[%clk 1:05:59]} Nd7 {[%clk 1:00:07]} 16. Rd2 {[%clk
0:55:05]} Nc5 {[%clk 0:55:23]} 17. Rfd1 {[%clk 0:48:42]} Qb8 {[%clk 0:48:30]}
18. Qg3 {[%clk 0:40:05]} e5 {[%clk 0:44:18]} 19. f5 {[%clk 0:39:10]} Kh8 {[%clk
0:44:29]} 20. Bg5 {[%clk 0:37:55]} f6 {[%clk 0:38:42]} 21. Be3 {[%clk 0:38:16]}
Rc7 {[%clk 0:20:36]} 22. Qh4 {[%clk 0:32:43]} Rfc8 {[%clk 0:14:23]} 23. Bh5
{[%clk 0:26:44]} Nd7 {[%clk 0:14:47]} 24. Bg6 {[%clk 0:24:48]} Nf8 {[%clk
0:15:12]} 25. Bf7 {[%clk 0:25:06]} Bd8 {[%clk 0:11:18]} 26. Bb3 {[%clk
0:23:53]} Rd7 {[%clk 0:08:27]} 27. Rf1 {[%clk 0:21:10]} Ba5 {[%clk 0:07:42]}
28. Re2 {[%clk 0:16:01]} Bxc3 {[%clk 0:07:26]} 29. bxc3 {[%clk 0:16:27]} d5
{[%clk 0:07:43]} 30. Rd1 {[%clk 0:14:00]} Rcd8 {[%clk 0:07:25]} 31. Bc5 {[%clk
0:06:47]} dxe4 {[%clk 0:07:20]} 32. Rde1 {[%clk 0:05:31]} Rd1 {[%clk 0:06:42]}
33. Bxf8 {[%clk 0:04:09]} Rxe1+ {[%clk 0:07:08]} 34. Rxe1 {[%clk 0:04:34]} Rxf8
{[%clk 0:07:31]} 35. Rd1 {[%clk 0:04:38]} Rd8 {[%clk 0:07:37]} 36. Qh5 {[%clk
0:04:22]} Qc7 {[%clk 0:05:15]} 37. Qe2 {[%clk 0:04:08]} Bc6 {[%clk 0:04:07]}
38. Rd2 {[%clk 0:03:39]} Rxd2 {[%clk 0:04:14]} 39. Qxd2 {[%clk 0:04:07]} Qd7
{[%clk 0:04:25]} 40. Qxd7 {[%clk 0:03:10]} Bxd7 {[%clk 0:04:45]} 41. g4 {[%clk
0:02:29]} Bc6 {[%clk 0:01:21]} 42. Kf2 {[%clk 0:02:13]} g6 {[%clk 0:01:38]} 43.
Ke3 {[%clk 0:29:51]} Kg7 {[%clk 0:30:09]} 44. c4 {[%clk 0:28:52]} gxf5 {[%clk
0:29:57]} 45. gxf5 {[%clk 0:29:09]} Kh6 {[%clk 0:29:58]} 46. cxb5 {[%clk
0:28:31]} axb5 {[%clk 0:30:21]} 47. Bg8 {[%clk 0:28:51]} Kg7 {[%clk 0:30:17]}
48. Be6 {[%clk 0:28:31]} Kh6 {[%clk 0:28:40]} 49. Bg8 {[%clk 0:28:56]} Bb7
{[%clk 0:28:42]} 50. h4 {[%clk 0:27:36]} Bc6 {[%clk 0:28:41]} 51. Bf7 {[%clk
0:27:56]} Kg7 {[%clk 0:26:53]} 52. Be6 {[%clk 0:27:28]} Kf8 {[%clk 0:23:27]}
53. Bb3 {[%clk 0:24:13]} Ke7 {[%clk 0:23:18]} 54. Bg8 {[%clk 0:23:14]} h6
{[%clk 0:23:28]} 55. c4 {[%clk 0:20:25]} bxc4 {[%clk 0:23:10]} 56. Bxc4 {[%clk
0:20:40]} Kd6 {[%clk 0:23:30]} 57. Ba2 {[%clk 0:19:21]} Kc5 {[%clk 0:22:42]}
58. Bb1 {[%clk 0:18:58]} Kc4 {[%clk 0:22:58]} 59. Bxe4 {[%clk 0:18:47]} Bxe4
{[%clk 0:23:19]} 60. Kxe4 {[%clk 0:19:15]} h5 {[%clk 0:22:21]} 61. a4 {[%clk
0:19:13]} Kb4 {[%clk 0:22:28]} 62. Kd5 {[%clk 0:19:31]} Kxa4 {[%clk 0:22:53]}
63. Ke6 {[%clk 0:19:56]} e4 {[%clk 0:23:19]} 64. Kxf6 {[%clk 0:20:19]} e3
{[%clk 0:23:45]} 65. Kg7 {[%clk 0:20:41]} e2 {[%clk 0:24:03]} 66. f6 {[%clk
0:21:09]} e1=Q {[%clk 0:24:25]} 67. f7 {[%clk 0:21:37]} Qg1+ {[%clk 0:21:37]}
68. Kh7 {[%clk 0:21:14]} Qf2 {[%clk 0:21:36]} 69. Kg7 {[%clk 0:21:38]} Qg3+
{[%clk 0:21:02]} 70. Kh7 {[%clk 0:21:48]} Qf4 {[%clk 0:20:47]} 71. Kg7 {[%clk
0:22:08]} Qe5+ {[%clk 0:19:57]} 72. Kh7 {[%clk 0:21:22]} Qe7 {[%clk 0:19:57]}
73. Kg8 {[%clk 0:21:41]} Qe6 {[%clk 0:20:11]} 74. Kh8 {[%clk 0:21:35]} Qf6+
{[%clk 0:19:40]} 75. Kg8 {[%clk 0:22:00]} Qg6+ {[%clk 0:19:50]} 76. Kh8 {[%clk
0:22:26]} Qf5 1/2-1/2

[Event "DVM U16 2016"]
[Site "Neumarkt in der Oberpfalz GER"]
[Date "2016.12.29"]
[Round "5"]
[White "Oberhofer, Marie"]
[Black "Roseneck, Jonas"]
[Result "0-1"]
[Termination "normal"]
[Board "1.3"]
[WhiteElo "1618"]
[BlackElo "2094"]
[WhiteClock "00:02:04"]
[BlackClock "00:07:14"]
[WhiteTeam "SC Bavaria Regensburg"]
[BlackTeam "SG Aufbau Elbe Magdeburg"]
[PlyCount "82"]
[WhiteFideId "12938165"]
[BlackFideId "12939870"]
[EventCountry "GER"]
[EventRounds "7"]
[EventType "team-swiss"]
[EventDate "2016.12.26"]

1. e4 {[%clk 1:30:58]} c5 {[%clk 1:30:38]} 2. Nf3 {[%clk 1:31:22]} d6 {[%clk
1:30:31]} 3. d4 {[%clk 1:31:46]} cxd4 {[%clk 1:30:57]} 4. Nxd4 {[%clk 1:32:13]}
Nf6 {[%clk 1:31:19]} 5. Nc3 {[%clk 1:32:36]} a6 {[%clk 1:31:46]} 6. f4 {[%clk
1:32:58]} e5 {[%clk 1:29:54]} 7. Nb3 {[%clk 1:32:45]} Nbd7 {[%clk 1:24:10]} 8.
g4 {[%clk 1:29:14]} g6 {[%clk 1:05:51]} 9. g5 {[%clk 1:13:43]} Nh5 {[%clk
1:06:09]} 10. f5 {[%clk 1:06:58]} h6 {[%clk 0:58:18]} 11. Rg1 {[%clk 0:51:34]}
hxg5 {[%clk 0:56:02]} 12. fxg6 {[%clk 0:45:45]} fxg6 {[%clk 0:54:39]} 13. Bxg5
{[%clk 0:42:42]} Be7 {[%clk 0:46:40]} 14. Qd2 {[%clk 0:34:45]} Bxg5 {[%clk
0:44:30]} 15. Qxg5 {[%clk 0:33:29]} Qxg5 {[%clk 0:44:14]} 16. Rxg5 {[%clk
0:33:53]} Nf4 {[%clk 0:44:37]} 17. O-O-O {[%clk 0:33:47]} Ke7 {[%clk 0:43:34]}
18. Nd5+ {[%clk 0:33:38]} Nxd5 {[%clk 0:43:57]} 19. Rxd5 {[%clk 0:33:50]} Nf6
{[%clk 0:44:12]} 20. Rd1 {[%clk 0:33:09]} Bg4 {[%clk 0:24:19]} 21. Re1 {[%clk
0:27:02]} Rh6 {[%clk 0:18:30]} 22. h3 {[%clk 0:19:31]} Bf3 {[%clk 0:16:41]} 23.
Bd3 {[%clk 0:15:41]} Kf7 {[%clk 0:14:02]} 24. Rg3 {[%clk 0:14:17]} Bh5 {[%clk
0:14:00]} 25. Nd2 {[%clk 0:13:50]} b5 {[%clk 0:13:21]} 26. Nf3 {[%clk 0:11:52]}
Bxf3 {[%clk 0:13:48]} 27. Rxf3 {[%clk 0:12:17]} Ke6 {[%clk 0:13:39]} 28. Ref1
{[%clk 0:12:19]} Nh5 {[%clk 0:13:52]} 29. Kd2 {[%clk 0:06:06]} Nf4 {[%clk
0:14:11]} 30. c4 {[%clk 0:05:55]} b4 {[%clk 0:10:48]} 31. Rh1 {[%clk 0:05:10]}
Rh4 {[%clk 0:10:37]} 32. Bf1 {[%clk 0:04:12]} Rah8 {[%clk 0:09:21]} 33. Ke3
{[%clk 0:03:35]} g5 {[%clk 0:08:28]} 34. Rg1 {[%clk 0:03:17]} R8h5 {[%clk
0:08:08]} 35. Rfg3 {[%clk 0:02:26]} Nxh3 {[%clk 0:08:25]} 36. Bxh3+ {[%clk
0:01:23]} Rxh3 37. Kf3 {[%clk 0:01:14]} Rxg3+ {[%clk 0:07:23]} 38. Rxg3 {[%clk
0:01:29]} Rh2 {[%clk 0:07:09]} 39. Rxg5 {[%clk 0:01:25]} Rxb2 {[%clk 0:07:33]}
40. Rg2 {[%clk 0:01:38]} Rxg2 {[%clk 0:06:46]} 41. Kxg2 {[%clk 0:02:04]} Kf6
{[%clk 0:07:14]} 0-1

[Event "DVM U16 2016"]
[Site "Neumarkt in der Oberpfalz GER"]
[Date "2016.12.29"]
[Round "5"]
[White "Wagner, Benjamin"]
[Black "Brüll, Elias"]
[Result "0-1"]
[Termination "normal"]
[Board "1.4"]
[WhiteElo "1926"]
[BlackElo "1617"]
[WhiteClock "00:14:51"]
[BlackClock "00:08:05"]
[WhiteTeam "SG Aufbau Elbe Magdeburg"]
[BlackTeam "SC Bavaria Regensburg"]
[PlyCount "118"]
[WhiteFideId "12957330"]
[BlackFideId "12964921"]
[EventCountry "GER"]
[EventRounds "7"]
[EventType "team-swiss"]
[EventDate "2016.12.26"]

1. e4 {[%clk 1:30:58]} c5 {[%clk 1:30:54]} 2. Nf3 {[%clk 1:31:25]} d6 {[%clk
1:31:20]} 3. d4 {[%clk 1:31:50]} cxd4 {[%clk 1:31:45]} 4. Nxd4 {[%clk 1:32:16]}
Nf6 {[%clk 1:32:06]} 5. Nc3 {[%clk 1:32:41]} a6 {[%clk 1:32:34]} 6. Bg5 {[%clk
1:33:01]} e6 {[%clk 1:32:54]} 7. f4 {[%clk 1:33:19]} h6 {[%clk 1:33:17]} 8. Bh4
{[%clk 1:33:05]} Qb6 {[%clk 1:33:17]} 9. Qd2 {[%clk 1:32:32]} Qxb2 {[%clk
1:32:26]} 10. Rb1 {[%clk 1:32:54]} Qa3 {[%clk 1:32:51]} 11. e5 {[%clk 1:32:11]}
dxe5 {[%clk 1:32:30]} 12. fxe5 {[%clk 1:31:33]} Nfd7 {[%clk 1:32:27]} 13. Be2
{[%clk 1:24:29]} Be7 {[%clk 1:30:04]} 14. Bg3 {[%clk 1:15:14]} O-O {[%clk
1:26:41]} 15. O-O {[%clk 1:08:03]} Qa5 {[%clk 1:15:36]} 16. Nf3 {[%clk
1:01:58]} Nc6 {[%clk 1:11:47]} 17. Ne4 {[%clk 0:55:59]} Qxd2 {[%clk 1:09:29]}
18. Nexd2 {[%clk 0:56:07]} Nc5 {[%clk 1:04:29]} 19. Nc4 {[%clk 0:49:23]} Ne4
{[%clk 0:58:27]} 20. Nb6 {[%clk 0:43:32]} Nxg3 {[%clk 0:55:36]} 21. hxg3 {[%clk
0:43:05]} Bc5+ {[%clk 0:55:51]} 22. Kh2 {[%clk 0:43:14]} Bxb6 {[%clk 0:54:48]}
23. Rxb6 {[%clk 0:43:35]} Rd8 {[%clk 0:39:09]} 24. Bd3 {[%clk 0:38:42]} Rd5
{[%clk 0:28:11]} 25. Be4 {[%clk 0:33:59]} Rb5 {[%clk 0:22:31]} 26. Rxc6 {[%clk
0:31:17]} bxc6 {[%clk 0:22:53]} 27. Bxc6 {[%clk 0:31:44]} Rab8 {[%clk 0:23:16]}
28. Bxb5 {[%clk 0:30:58]} Rxb5 {[%clk 0:23:45]} 29. Rc1 {[%clk 0:28:06]} Ra5
{[%clk 0:16:20]} 30. c4 {[%clk 0:26:59]} Rxa2 {[%clk 0:14:45]} 31. c5 {[%clk
0:25:58]} Rb2 {[%clk 0:12:25]} 32. c6 {[%clk 0:23:13]} Kf8 {[%clk 0:06:12]} 33.
c7 {[%clk 0:22:32]} Rb7 {[%clk 0:04:43]} 34. Nd4 {[%clk 0:18:31]} Ke8 {[%clk
0:04:15]} 35. Rc6 {[%clk 0:14:01]} Ra7 {[%clk 0:03:58]} 36. Rc1 {[%clk
0:10:37]} Kd7 {[%clk 0:04:01]} 37. Rf1 {[%clk 0:09:23]} Ke8 {[%clk 0:02:44]}
38. Rc1 {[%clk 0:09:06]} Kd7 {[%clk 0:03:13]} 39. Rf1 {[%clk 0:07:36]} Kxc7
{[%clk 0:02:56]} 40. Rxf7+ {[%clk 0:07:15]} Kb6 {[%clk 0:00:57]} 41. Rf8 {[%clk
0:05:55]} Bd7 {[%clk 0:18:44]} 42. Rg8 {[%clk 0:27:53]} Kc5 {[%clk 0:16:42]}
43. Nc2 {[%clk 0:25:09]} Bb5 {[%clk 0:15:44]} 44. Rd8 {[%clk 0:23:08]} a5
{[%clk 0:11:47]} 45. Rd6 {[%clk 0:21:14]} Bc4 {[%clk 0:11:18]} 46. Rd8 {[%clk
0:19:43]} Bd5 {[%clk 0:10:58]} 47. Rc8+ {[%clk 0:18:59]} Kb6 {[%clk 0:09:27]}
48. g4 {[%clk 0:17:51]} Rc7 {[%clk 0:08:34]} 49. Rb8+ {[%clk 0:17:27]} Bb7
{[%clk 0:07:43]} 50. Nd4 {[%clk 0:16:06]} Rc8 {[%clk 0:07:48]} 51. Rxc8 {[%clk
0:15:29]} Bxc8 {[%clk 0:08:17]} 52. Kg3 {[%clk 0:15:12]} g5 {[%clk 0:07:09]}
53. Kf2 {[%clk 0:15:05]} Kc5 {[%clk 0:07:32]} 54. Ke3 {[%clk 0:15:05]} Bd7
{[%clk 0:07:33]} 55. g3 {[%clk 0:14:52]} a4 {[%clk 0:07:55]} 56. Kd3 {[%clk
0:14:35]} Kd5 {[%clk 0:07:48]} 57. Nc2 {[%clk 0:14:41]} Kxe5 {[%clk 0:08:02]}
58. Na3 {[%clk 0:14:48]} Kd5 {[%clk 0:07:45]} 59. Ke3 {[%clk 0:14:51]} e5
{[%clk 0:08:05]} 0-1

[Event "DVM U16 2016"]
[Site "Neumarkt in der Oberpfalz GER"]
[Date "2016.12.29"]
[Round "5"]
[White "Hesse, Henrik"]
[Black "Kölz, Niklas"]
[Result "1/2-1/2"]
[Termination "normal"]
[Board "2.2"]
[WhiteElo "1932"]
[BlackElo "1801"]
[WhiteClock "00:02:38"]
[BlackClock "00:07:21"]
[WhiteTeam "SV Mattnetz Berlin"]
[BlackTeam "MS Halver-Schalksmühle"]
[PlyCount "71"]
[WhiteFideId "12952060"]
[BlackFideId "12971758"]
[EventCountry "GER"]
[EventRounds "7"]
[EventType "team-swiss"]
[EventDate "2016.12.26"]

1. d4 {[%clk 1:30:52]} c5 {[%clk 1:30:47]} 2. dxc5 {[%clk 1:27:55]} Qa5+ {[%clk
1:30:42]} 3. Nc3 {[%clk 1:22:48]} Qxc5 {[%clk 1:30:10]} 4. e4 {[%clk 1:21:56]}
Nf6 {[%clk 1:30:13]} 5. Nf3 {[%clk 1:19:54]} d6 {[%clk 1:25:57]} 6. Be2 {[%clk
1:13:44]} g6 {[%clk 1:25:20]} 7. O-O {[%clk 1:13:08]} Bg7 {[%clk 1:25:14]} 8.
Be3 {[%clk 1:02:04]} Qa5 {[%clk 1:21:23]} 9. Qd2 {[%clk 0:54:52]} Nc6 {[%clk
1:18:31]} 10. Bh6 {[%clk 0:46:10]} O-O {[%clk 1:15:00]} 11. Bxg7 {[%clk
0:46:16]} Kxg7 {[%clk 1:15:23]} 12. a3 {[%clk 0:40:37]} Bg4 {[%clk 1:06:12]}
13. b4 Qc7 {[%clk 1:04:27]} 14. Nd5 {[%clk 0:28:38]} Qd7 {[%clk 0:54:35]} 15.
Nxf6 {[%clk 0:28:33]} exf6 {[%clk 0:53:40]} 16. c4 {[%clk 0:16:43]} Bxf3 {[%clk
0:52:44]} 17. Bxf3 {[%clk 0:17:07]} Ne5 {[%clk 0:52:06]} 18. Be2 {[%clk
0:17:23]} Qc6 {[%clk 0:49:30]} 19. Qd4 {[%clk 0:16:47]} Rac8 {[%clk 0:45:16]}
20. Rfc1 {[%clk 0:16:18]} b6 {[%clk 0:41:16]} 21. f4 {[%clk 0:15:06]} Nd7
{[%clk 0:40:48]} 22. Bg4 {[%clk 0:12:26]} Rfe8 {[%clk 0:39:01]} 23. Rd1 {[%clk
0:10:16]} Rxe4 {[%clk 0:26:19]} 24. Qxd6 {[%clk 0:10:39]} Qxd6 {[%clk 0:25:58]}
25. Rxd6 {[%clk 0:11:02]} f5 {[%clk 0:26:22]} 26. Rxd7 {[%clk 0:06:43]} fxg4
{[%clk 0:26:47]} 27. Rc1 {[%clk 0:05:03]} Rcxc4 {[%clk 0:16:42]} 28. Rxc4
{[%clk 0:05:28]} Rxc4 {[%clk 0:17:08]} 29. Rxa7 {[%clk 0:05:56]} Rxf4 {[%clk
0:16:45]} 30. Ra6 {[%clk 0:06:04]} b5 {[%clk 0:16:05]} 31. Ra5 {[%clk 0:03:09]}
Rf5 {[%clk 0:15:47]} 32. g3 {[%clk 0:02:35]} Kf6 {[%clk 0:15:35]} 33. Kg2
{[%clk 0:02:50]} Ke6 {[%clk 0:12:01]} 34. Ra8 {[%clk 0:01:57]} Kd5 {[%clk
0:07:48]} 35. Rc8 {[%clk 0:02:15]} Kd4 {[%clk 0:07:21]} 36. Rc7 {[%clk
0:02:38]} 1/2-1/2

[Event "DVM U16 2016"]
[Site "Neumarkt in der Oberpfalz GER"]
[Date "2016.12.29"]
[Round "5"]
[White "Browning, Rebecca"]
[Black "Acikel, Mert"]
[Result "1-0"]
[Termination "normal"]
[Board "2.3"]
[WhiteElo "1815"]
[BlackElo "1902"]
[WhiteClock "01:08:20"]
[BlackClock "00:06:58"]
[WhiteTeam "MS Halver-Schalksmühle"]
[BlackTeam "SV Mattnetz Berlin"]
[PlyCount "97"]
[WhiteFideId "12984027"]
[BlackFideId "12956465"]
[EventCountry "GER"]
[EventRounds "7"]
[EventType "team-swiss"]
[EventDate "2016.12.26"]

1. e4 {[%clk 1:30:55]} e5 {[%clk 1:30:40]} 2. Nf3 {[%clk 1:31:09]} Nc6 {[%clk
1:30:55]} 3. d4 {[%clk 1:31:23]} exd4 {[%clk 1:31:14]} 4. Nxd4 {[%clk 1:31:45]}
Bc5 {[%clk 1:31:31]} 5. Be3 {[%clk 1:32:02]} Qf6 {[%clk 1:31:49]} 6. Nb5 {[%clk
1:30:06]} Bxe3 {[%clk 1:29:09]} 7. fxe3 {[%clk 1:30:20]} Qh4+ {[%clk 1:19:04]}
8. g3 {[%clk 1:30:41]} Qxe4 {[%clk 1:11:19]} 9. Nxc7+ {[%clk 1:27:35]} Kd8
{[%clk 1:10:37]} 10. Nxa8 {[%clk 1:27:57]} Qxh1 {[%clk 1:10:39]} 11. Qd6 {[%clk
1:28:12]} Nge7 {[%clk 1:07:26]} 12. Nd2 {[%clk 1:27:14]} Qd5 {[%clk 0:58:31]}
13. Qc7+ {[%clk 1:25:26]} Ke8 {[%clk 0:59:00]} 14. Qxc8+ {[%clk 1:25:50]} Nxc8
{[%clk 0:58:03]} 15. Nc7+ {[%clk 1:26:15]} Kd8 {[%clk 0:58:16]} 16. Nxd5 {[%clk
1:26:40]} Re8 {[%clk 0:57:47]} 17. O-O-O {[%clk 1:26:36]} Nd6 {[%clk 0:55:35]}
18. Nf3 {[%clk 1:25:05]} Ne4 {[%clk 0:53:53]} 19. Nd4 {[%clk 1:21:41]} Nf2
{[%clk 0:53:02]} 20. Rd2 {[%clk 1:20:08]} Ne4 {[%clk 0:50:29]} 21. Re2 {[%clk
1:18:51]} Ne5 {[%clk 0:49:49]} 22. Nb5 {[%clk 1:13:52]} Re6 {[%clk 0:44:51]}
23. Nbc3 {[%clk 1:13:46]} Nd6 {[%clk 0:42:54]} 24. Nf4 {[%clk 1:10:55]} Rh6
{[%clk 0:39:42]} 25. b3 {[%clk 1:08:24]} g5 {[%clk 0:36:59]} 26. Nd3 {[%clk
1:06:48]} Ng4 {[%clk 0:36:52]} 27. h3 {[%clk 1:06:59]} Nf6 {[%clk 0:36:25]} 28.
g4 {[%clk 1:06:23]} Ng8 {[%clk 0:25:55]} 29. e4 {[%clk 1:06:07]} Ne7 {[%clk
0:23:31]} 30. e5 {[%clk 1:06:05]} Ndc8 {[%clk 0:23:44]} 31. Bg2 {[%clk
1:06:11]} Nc6 {[%clk 0:23:30]} 32. Rf2 {[%clk 1:06:02]} Ke8 {[%clk 0:23:43]}
33. Ne4 {[%clk 1:05:51]} Rg6 {[%clk 0:23:10]} 34. Rf6 {[%clk 1:06:01]} Rg7
{[%clk 0:17:11]} 35. Nd6+ {[%clk 1:05:32]} Nxd6 {[%clk 0:17:32]} 36. exd6
{[%clk 1:05:55]} Nd8 {[%clk 0:16:38]} 37. Nb4 {[%clk 1:04:46]} b6 {[%clk
0:15:26]} 38. Nd5 {[%clk 1:05:02]} Ne6 {[%clk 0:14:22]} 39. Nc7+ {[%clk
1:05:25]} Kd8 {[%clk 0:14:34]} 40. Nxe6+ {[%clk 1:05:46]} dxe6 {[%clk 0:14:49]}
41. Bc6 {[%clk 1:06:02]} a6 {[%clk 0:09:23]} 42. Kd2 {[%clk 1:05:57]} Kc8
{[%clk 0:09:37]} 43. Ke3 {[%clk 1:06:19]} Kd8 {[%clk 0:09:49]} 44. Kd4 {[%clk
1:06:32]} Kc8 {[%clk 0:10:04]} 45. a4 Kb8 {[%clk 0:09:15]} 46. c3 {[%clk
1:07:04]} Kc8 {[%clk 0:09:23]} 47. b4 {[%clk 1:07:29]} Kd8 {[%clk 0:08:52]} 48.
a5 {[%clk 1:07:54]} bxa5 {[%clk 0:06:58]} 49. bxa5 {[%clk 1:08:20]} 1-0

[Event "DVM U16 2016"]
[Site "Neumarkt in der Oberpfalz GER"]
[Date "2016.12.29"]
[Round "5"]
[White "Petersen, Marcel"]
[Black "Scholz, Sebastian"]
[Result "0-1"]
[Termination "normal"]
[Board "2.4"]
[WhiteElo "1638"]
[BlackElo "1681"]
[WhiteClock "00:05:06"]
[BlackClock "00:04:18"]
[WhiteTeam "SV Mattnetz Berlin"]
[BlackTeam "MS Halver-Schalksmühle"]
[PlyCount "108"]
[WhiteFideId "12935670"]
[BlackFideId "16202597"]
[EventCountry "GER"]
[EventRounds "7"]
[EventType "team-swiss"]
[EventDate "2016.12.26"]

1. e4 {[%clk 1:30:54]} e6 {[%clk 1:30:36]} 2. d4 {[%clk 1:31:17]} d5 {[%clk
1:30:39]} 3. Nc3 {[%clk 1:31:37]} Bb4 {[%clk 1:30:03]} 4. e5 {[%clk 1:31:58]}
c5 {[%clk 1:29:22]} 5. a3 {[%clk 1:32:18]} Bxc3+ {[%clk 1:27:21]} 6. bxc3
{[%clk 1:32:41]} Qa5 {[%clk 1:27:25]} 7. Bd2 {[%clk 1:33:01]} Qa4 {[%clk
1:27:02]} 8. Bd3 {[%clk 1:20:48]} c4 {[%clk 1:24:20]} 9. Bf1 {[%clk 1:20:05]}
Bd7 {[%clk 1:20:23]} 10. Qg4 {[%clk 1:20:22]} g6 {[%clk 1:20:25]} 11. Qd1
{[%clk 1:20:15]} Qa5 {[%clk 1:18:41]} 12. Ne2 {[%clk 1:18:23]} Ba4 {[%clk
1:18:10]} 13. Bg5 {[%clk 1:17:50]} h6 {[%clk 1:14:52]} 14. Bh4 {[%clk 1:17:01]}
Nc6 {[%clk 1:13:34]} 15. f4 {[%clk 1:07:34]} Nge7 {[%clk 1:13:09]} 16. g4
{[%clk 1:05:03]} Kd7 {[%clk 1:08:42]} 17. Bg2 {[%clk 1:02:41]} Rhg8 {[%clk
1:01:39]} 18. Qd2 {[%clk 0:58:29]} Raf8 {[%clk 0:58:57]} 19. h3 {[%clk
0:54:53]} a6 {[%clk 0:45:13]} 20. O-O {[%clk 0:44:59]} Na7 {[%clk 0:40:58]} 21.
Rf3 {[%clk 0:43:42]} Nb5 {[%clk 0:39:51]} 22. Ra2 {[%clk 0:35:24]} Nc6 23. Ra1
{[%clk 0:30:41]} Nc7 {[%clk 0:31:44]} 24. f5 {[%clk 0:24:59]} g5 {[%clk
0:28:05]} 25. Bg3 {[%clk 0:24:14]} Qb6 {[%clk 0:23:06]} 26. Raf1 {[%clk
0:22:16]} Ke7 {[%clk 0:22:13]} 27. fxe6 {[%clk 0:17:52]} fxe6 {[%clk 0:22:04]}
28. Rf6 {[%clk 0:17:55]} Rxf6 {[%clk 0:17:58]} 29. exf6+ {[%clk 0:15:20]} Kf7
{[%clk 0:18:11]} 30. h4 {[%clk 0:15:34]} Ne8 {[%clk 0:17:10]} 31. Nc1 {[%clk
0:14:10]} Rg6 {[%clk 0:15:42]} 32. Kh2 {[%clk 0:13:13]} Qd8 33. hxg5 {[%clk
0:10:08]} hxg5 {[%clk 0:11:55]} 34. Be5 {[%clk 0:10:11]} Nxe5 {[%clk 0:11:15]}
35. dxe5 {[%clk 0:10:35]} Qc7 {[%clk 0:11:34]} 36. Qe2 {[%clk 0:09:58]} Rxf6
{[%clk 0:11:15]} 37. Rxf6+ {[%clk 0:09:24]} Nxf6 {[%clk 0:11:37]} 38. Kh1
{[%clk 0:09:22]} Nd7 {[%clk 0:10:02]} 39. Qf2+ {[%clk 0:07:08]} Ke7 {[%clk
0:08:08]} 40. Ne2 {[%clk 0:06:44]} Qxe5 {[%clk 0:07:46]} 41. Nd4 {[%clk
0:06:44]} Nf6 {[%clk 0:07:26]} 42. Bf3 {[%clk 0:06:31]} Ne4 {[%clk 0:06:16]}
43. Bxe4 {[%clk 0:05:10]} Qxe4+ {[%clk 0:06:39]} 44. Qg2 {[%clk 0:05:11]} Qe1+
{[%clk 0:06:47]} 45. Kh2 {[%clk 0:04:48]} Qxc3 {[%clk 0:06:59]} 46. Qf2 {[%clk
0:04:52]} Qxa3 {[%clk 0:06:55]} 47. Qe2 {[%clk 0:05:03]} Qd6+ {[%clk 0:07:07]}
48. Kh3 {[%clk 0:05:21]} Kd7 {[%clk 0:06:31]} 49. Qe3 {[%clk 0:05:19]} Qe7
{[%clk 0:06:26]} 50. Qc3 {[%clk 0:05:22]} Qh7+ {[%clk 0:05:10]} 51. Kg3 {[%clk
0:05:33]} Qe4 {[%clk 0:05:19]} 52. Qb2 {[%clk 0:04:59]} b5 {[%clk 0:05:13]} 53.
Nf3 {[%clk 0:04:51]} Qf4+ {[%clk 0:04:44]} 54. Kf2 {[%clk 0:05:06]} e5 {[%clk
0:04:18]} 0-1